[Event "FIDE Knock-out Women's World Championship"]
[Site "Khanty-Mansiysk RUS"]
[Date "2012.11.11"]
[EventDate "2012.11.11"]
[Round "1.1"]
[Result "1/2-1/2"]
[White "Irina Berezina"]
[Black "Marie Sebag"]
[WhiteElo "2190"]
[BlackElo "2521"]
[PlyCount "137"]

1. d4 d5 2. c4 c6 3. Nf3 Nf6 4. g3 Bf5 5. Bg2 e6 6. O-O Nbd7
7. Nc3 Be7 8. Nd2 O-O 9. e4 dxe4 10. Ndxe4 Nxe4 11. Nxe4 Nf6
12. Nc3 Qb6 13. Na4 Qc7 14. Bf4 Bd6 15. Bg5 Ne4 16. Be3 h6
17. Rc1 Nf6 18. h3 Be4 19. Nc3 Bxg2 20. Kxg2 Rad8 21. Qf3 Qe7
22. Rfe1 Nd7 23. Kh1 Rfe8 24. Qg2 Nf8 25. Re2 Qf6 26. f4 Qg6
27. Ne4 Nh7 28. Nf2 Be7 29. Qf3 Bf6 30. Rd1 Be7 31. a3 f5
32. b4 Nf6 33. Bc1 Bf8 34. Bb2 Qh5 35. Kg2 Qxf3+ 36. Kxf3 Bd6
37. Rde1 Kf7 38. h4 Bc7 39. Bc3 Bb6 40. Rd1 Bc7 41. Rde1 Bb6
42. Rd1 Kg8 43. a4 a6 44. a5 Ba7 45. Red2 Kf7 46. Re2 Bb8
47. Rd3 Rd7 48. Bb2 Ba7 49. Red2 Red8 50. Rd1 Bb8 51. Bc1 Bd6
52. Bd2 Be7 53. Bc3 Ne8 54. Re1 Bf6 55. Rde3 Nd6 56. Rxe6 Nxc4
57. Nd3 Bxd4 58. Bxd4 Rxd4 59. Re7+ Kg8 60. Nc5 Nd2+ 61. Kg2
Rxb4 62. Ne6 Rd6 63. Nxg7 Rd5 64. R1e6 Ne4 65. Nxf5 Rxf5
66. Re8+ Kg7 67. R8e7+ Kg8 68. Re8+ Kg7 69. R8e7+ 1/2-1/2

[Event "French Team Championship"]
[Site "Haguenau FRA"]
[Date "2013.05.30"]
[EventDate "2013.05.30"]
[Round "1.3"]
[Result "1/2-1/2"]
[White "Marie Sebag"]
[Black "Viorel Iordachescu"]
[WhiteElo "2527"]
[BlackElo "2582"]
[PlyCount "97"]

1. e4 c6 2. d4 d5 3. e5 Bf5 4. Nf3 e6 5. Be2 Nd7 6. O-O Ne7
7. Nbd2 h6 8. c3 a6 9. Nb3 Rc8 10. Ne1 c5 11. Nxc5 Nxc5
12. dxc5 Nc6 13. Bd3 Bxc5 14. Bxf5 exf5 15. Nd3 Ba7 16. Qh5
O-O 17. Qxf5 Re8 18. Re1 Qh4 19. Qf4 Qh5 20. Qg3 b5 21. Nf4
Rxe5 22. Be3 Qf5 23. Bxa7 Nxa7 24. Rxe5 Qxe5 25. Qe3 Qxe3
26. fxe3 Nc6 27. Nxd5 f5 28. Rf1 g6 29. e4 fxe4 30. Nf6+ Kg7
31. Nxe4 Re8 32. Nc5 Re2 33. Rf2 Re1+ 34. Rf1 Re2 35. Nxa6
Rxb2 36. Nc7 Rxa2 37. Nxb5 h5 38. h3 Re2 39. c4 Ne5 40. Nd4
Re4 41. Ne6+ Kh6 42. c5 Nc6 43. Rf6 Ne7 44. Nd8 Rc4 45. Re6
Nd5 46. c6 Nf4 47. Re7 Rc2 48. Rd7 Kg5 49. g3 1/2-1/2

[Event "French Team Championship"]
[Site "Haguenau FRA"]
[Date "2013.05.31"]
[EventDate "2013.05.30"]
[Round "2.5"]
[Result "1/2-1/2"]
[White "Michal Krasenkow"]
[Black "Marie Sebag"]
[WhiteElo "2642"]
[BlackElo "2527"]
[PlyCount "117"]

1. d4 d5 2. Nf3 Nf6 3. g3 c6 4. Bg2 Bf5 5. O-O e6 6. c4 Nbd7
7. b3 Be7 8. Bb2 O-O 9. Nc3 h6 10. Nd2 Re8 11. Re1 Bh7 12. e4
dxe4 13. Ndxe4 Nxe4 14. Nxe4 Nf6 15. Nc5 Qc7 16. b4 Rad8
17. Qa4 a6 18. Rac1 Nd7 19. Nb3 Bf6 20. Qa3 e5 21. d5 e4
22. Bxf6 Nxf6 23. dxc6 Qxc6 24. Na5 Qd7 25. c5 Ng4 26. Nc4 Qd4
27. Re2 Ne5 28. Nxe5 Rxe5 29. Qb2 Bf5 30. h3 Red5 31. g4 Bg6
32. Rce1 Qxb2 33. Rxb2 Rd4 34. f3 Rc4 35. fxe4 Rdd4 36. e5 Be4
37. Bxe4 Rxe4 38. Rxe4 Rxe4 39. a4 Rxe5 40. Kf2 Kf8 41. Re2
Rd5 42. Ke3 Ke7 43. Ke4 Ke6 44. Rc2 Re5+ 45. Kd4 Rd5+ 46. Kc4
Rd1 47. b5 axb5+ 48. axb5 Kd7 49. Rc3 Kc7 50. Rd3 Rc1+ 51. Kd5
b6 52. cxb6+ Kxb6 53. Kd6 Re1 54. Rf3 f6 55. g5 Re4 56. h4
hxg5 57. hxg5 fxg5 58. Rf7 Kxb5 59. Rxg7 1/2-1/2

[Event "French Team Championship"]
[Site "Haguenau FRA"]
[Date "2013.06.01"]
[EventDate "2013.05.30"]
[Round "3.5"]
[Result "0-1"]
[White "Marie Sebag"]
[Black "Jean-Pierre Le Roux"]
[WhiteElo "2527"]
[BlackElo "2576"]
[PlyCount "136"]

1. e4 e5 2. Nf3 Nc6 3. Bb5 Nf6 4. O-O Nxe4 5. d4 Nd6 6. Bxc6
dxc6 7. dxe5 Nf5 8. Qxd8+ Kxd8 9. Nc3 Ke8 10. h3 h6 11. Ne4
Be6 12. g4 Ne7 13. Nd4 Bd5 14. Re1 Ng6 15. f4 Rd8 16. Nf3 h5
17. Kg2 hxg4 18. hxg4 Be7 19. g5 Be6 20. Be3 Bf5 21. Ng3 Bxc2
22. Rac1 Bd3 23. f5 Nh4+ 24. Nxh4 Rxh4 25. f6 Bf8 26. Bxa7 Rg4
27. Kf3 Rxg5 28. Be3 Rg6 29. Nh5 Bf5 30. Rg1 gxf6 31. Nxf6+
Ke7 32. Nh5 Rxg1 33. Rxg1 Ke6 34. Rg8 Bh7 35. Rh8 Bg6 36. Nf4+
Kxe5 37. Nxg6+ fxg6 38. Bf4+ Ke6 39. Bxc7 Rd3+ 40. Ke4 Rd4+
41. Kxd4 Bg7+ 42. Ke4 Bxh8 43. b3 g5 44. a4 Bc3 45. Bb6 Bd2
46. Bc5 Bf4 47. b4 Bh2 48. b5 cxb5 49. axb5 g4 50. Be3 Kd6
51. Bb6 Ke6 52. Be3 Bd6 53. Bb6 Kf6 54. Bd8+ Kg6 55. b6 Kh5
56. Ke3 Bc5+ 57. Ke2 Kg6 58. Kf1 Kf5 59. Kg2 Bd6 60. Kf2 Ke6
61. Kg2 Kd7 62. Bf6 Ke6 63. Bd8 Bb4 64. Bg5 Kf5 65. Be3 Be1
66. Kf1 Ke4 67. Bc5 Bc3 68. Kg2 Bd4 0-1

[Event "French Team Championship"]
[Site "Haguenau FRA"]
[Date "2013.06.04"]
[EventDate "2013.05.30"]
[Round "6.3"]
[Result "1-0"]
[White "Marie Sebag"]
[Black "Petar Velikov"]
[WhiteElo "2527"]
[BlackElo "2422"]
[PlyCount "55"]

1. e4 c5 2. Nf3 e6 3. c3 Nf6 4. e5 Nd5 5. d4 cxd4 6. cxd4 d6
7. Bc4 Nc6 8. O-O Be7 9. Qe2 O-O 10. Nc3 Nxc3 11. bxc3 dxe5
12. dxe5 Qa5 13. Bd2 Rd8 14. Rfe1 Bd7 15. Bb3 Be8 16. Rac1
Rac8 17. Qe4 g6 18. h4 Qb5 19. Qf4 Na5 20. Nd4 Qa6 21. h5 Nc4
22. hxg6 hxg6 23. Bxc4 Rxc4 24. Re3 Rd5 25. Rh3 Bf8 26. Qh4
Bg7 27. Bh6 Bxe5 28. Qe7 1-0

[Event "European Team Championship (Women)"]
[Site "Warsaw POL"]
[Date "2013.11.16"]
[EventDate "2013.11.08"]
[Round "8.13"]
[Result "1/2-1/2"]
[White "Sheila Barth Berntsen Sahl"]
[Black "Marie Sebag"]
[WhiteElo "2233"]
[BlackElo "2510"]
[PlyCount "79"]

1. e4 c5 2. Nf3 d6 3. d4 cxd4 4. Nxd4 Nf6 5. Nc3 a6 6. Bg5
Nbd7 7. f4 Qc7 8. Qe2 e6 9. O-O-O b5 10. a3 Bb7 11. g4 Be7
12. Bxf6 Bxf6 13. g5 Bxd4 14. Rxd4 e5 15. fxe5 Nxe5 16. h4 Qc5
17. Qd1 Rd8 18. Be2 O-O 19. Rf1 Bc6 20. Kb1 a5 21. Nd5 b4
22. Ne7+ Kh8 23. Nxc6 Nxc6 24. Rd5 Qe3 25. Qd3 Qxd3 26. Bxd3
bxa3 27. bxa3 f6 28. Rdf5 Ne5 29. h5 Rb8+ 30. Ka2 Rfc8
31. gxf6 gxf6 32. Rxf6 Nxd3 33. cxd3 Rc2+ 34. Ka1 Rbb2 35. h6
Ra2+ 36. Kb1 Rab2+ 37. Ka1 Ra2+ 38. Kb1 Rab2+ 39. Ka1 Ra2+
40. Kb1 1/2-1/2

[Event "European Team Championship (Women)"]
[Site "Warsaw POL"]
[Date "2013.11.17"]
[EventDate "2013.11.08"]
[Round "9.9"]
[Result "0-1"]
[White "Marie Sebag"]
[Black "Klaudia Kulon"]
[WhiteElo "2510"]
[BlackElo "2276"]
[PlyCount "128"]

1. e4 c5 2. Nf3 d6 3. d4 cxd4 4. Qxd4 a6 5. h3 Nc6 6. Qe3 Nf6
7. c4 g6 8. Be2 Bg7 9. Nc3 O-O 10. O-O Bd7 11. Rb1 Na7 12. Rd1
b5 13. e5 Ne8 14. c5 Qb8 15. exd6 exd6 16. Bd3 Bc6 17. Be4
dxc5 18. Bxc6 Nxc6 19. Qxc5 Nd8 20. Nd4 Nf6 21. Bg5 Nb7
22. Qc6 Na5 23. Qf3 Nd7 24. Nd5 Ne5 25. Qg3 f6 26. Bd2 Nac4
27. Bb4 Re8 28. Be7 Kf7 29. f4 Nd7 30. Qg4 f5 31. Nxf5 Qa7+
32. Kh1 gxf5 33. Qxf5+ Kg8 34. Rd3 Ncb6 35. Rg3 Nxd5 36. Qxd5+
Kh8 37. Qf7 Rg8 38. Rd1 Nf6 39. Re1 Qf2 40. Ree3 Ne4 41. Rgf3
Qc2 42. Bg5 Bd4 43. Re1 Nxg5 44. fxg5 Rxg5 45. g4 Rag8 46. Qe6
Qxb2 47. Ref1 Be5 48. R1f2 Qb1+ 49. Kg2 Qe4 50. Rf1 R5g6
51. Qd7 Rf6 52. Qd3 Qxd3 53. Rxd3 Rxf1 54. Kxf1 Rc8 55. Ra3
Rc6 56. Ke2 Bd6 57. Rd3 Kg7 58. Kf3 Kf6 59. h4 Ke6 60. Re3+
Be5 61. g5 Rc4 62. Ra3 Rxh4 63. Rxa6+ Kf5 64. a3 Ra4 0-1

[Event "SportAccord World Mind Games (Women, Rapid)"]
[Site "Beijing CHN"]
[Date "2013.12.05"]
[EventDate "2013.12.4"]
[Round "5.4"]
[Result "1-0"]
[White "Alexandra Kosteniuk"]
[Black "Marie Sebag"]
[WhiteElo "2527"]
[BlackElo "2501"]
[PlyCount "73"]

1. e4 c5 2. Nf3 d6 3. d4 cxd4 4. Nxd4 Nf6 5. Nc3 a6 6. Bg5 e6
7. f4 h6 8. Bh4 Qb6 9. a3 Be7 10. Bf2 Qc7 11. Qf3 Nbd7 12. Be2
b5 13. Qg3 O-O 14. O-O Nc5 15. Bf3 Bb7 16. Rae1 Rad8 17. b4
Na4 18. Nxa4 bxa4 19. e5 Nd5 20. Be4 dxe5 21. fxe5 Bg5 22. Ne2
Bd2 23. Rd1 Nf4 24. Nxf4 Bxe4 25. Bc5 Rfe8 26. Rxd2 Rxd2
27. Qe3 Bxg2 28. Nxg2 Rxc2 29. Qg3 Qd7 30. Nf4 Qd2 31. Be3 Qc3
32. Nh5 g6 33. Nf6+ Kf8 34. Bc5+ Re7 35. Qxc3 Rxc3 36. Rd1
Rxc5 37. Rd8+ 1-0

[Event "SportAccord World Mind Games (Women, Rapid)"]
[Site "Beijing CHN"]
[Date "2013.12.05"]
[EventDate "2013.12.4"]
[Round "7.6"]
[Result "0-1"]
[White "Marie Sebag"]
[Black "Anna Ushenina"]
[WhiteElo "2501"]
[BlackElo "2501"]
[PlyCount "220"]

1. e4 c5 2. Nf3 d6 3. d4 cxd4 4. Qxd4 Nf6 5. Bg5 Nc6 6. Qe3 e6
7. Nc3 Be7 8. h3 a6 9. Be2 Qc7 10. O-O b5 11. Bf4 O-O 12. Rad1
Ne5 13. Nd4 Bb7 14. a3 Rac8 15. Rfe1 Rfe8 16. Nb3 Nfd7 17. Bg5
Bf8 18. Qg3 Nb6 19. Nd2 Nc6 20. Be3 Nd7 21. f4 b4 22. axb4
Nxb4 23. Bd3 Nc5 24. Bf2 d5 25. exd5 Ncxd3 26. cxd3 Nxd5
27. Nxd5 Bxd5 28. Ne4 Bxe4 29. dxe4 Bc5 30. e5 h6 31. Kh2 Qb6
32. Re2 Bxf2 33. Rxf2 Rc4 34. Rd6 Qb5 35. Rfd2 a5 36. Qd3 Rb4
37. Qxb5 Rxb5 38. Ra6 Reb8 39. Ra7 R8b7 40. Rxb7 Rxb7 41. Kg3
Kh7 42. Kf3 g5 43. fxg5 hxg5 44. Ke4 Rb4+ 45. Ke3 Kg6 46. Rf2
g4 47. hxg4 Rxg4 48. Rf6+ Kg7 49. Rf2 Rb4 50. Kd3 Rb7 51. Ke4
Kg6 52. Kd4 Rd7+ 53. Ke4 Kg5 54. Rf3 Kg4 55. Ra3 Rd2 56. Rxa5
Rxb2 57. Ra7 Re2+ 58. Kd3 Rf2 59. Ke3 Rf5 60. Ke4 Kg3 61. Ra8
Kxg2 62. Rg8+ Kf2 63. Rg7 Rf3 64. Rh7 Rf5 65. Rg7 Ke2 66. Rg2+
Rf2 67. Rg7 Kd2 68. Rg3 Re2+ 69. Kd4 Rf2 70. Ke4 Ke2 71. Re3+
Kf1 72. Rg3 Rf5 73. Rg7 Kf2 74. Rg8 Rh5 75. Rg4 Rf5 76. Rg7
Rf3 77. Rg8 Rg3 78. Rf8 Rg4+ 79. Kd3 Rf4 80. Rg8 Kf3 81. Rg1
Rf5 82. Kd4 Rf4+ 83. Kc5 Ke4 84. Kd6 Kf5 85. Re1 Rd4+ 86. Ke7
Re4 87. Rf1+ Kxe5 88. Rxf7 Ra4 89. Rf1 Ra7+ 90. Ke8 Ra4
91. Kd7 Rd4+ 92. Kc6 Rf4 93. Rc1 Kf5 94. Kc5 e5 95. Rd1 Rf3
96. Re1 Kf4 97. Kd5 Rd3+ 98. Kc4 Re3 99. Rh1 Rf3 100. Rh4+ Kf5
101. Rh8 e4 102. Re8 Kf4 103. Re7 Ra3 104. Re8 Kf3 105. Rf8+
Ke2 106. Kd4 e3 107. Rb8 Ra4+ 108. Kc3 Ra7 109. Rb2+ Kf1
110. Kd3 e2 0-1

[Event "SportAccord World Mind Games (Women, Rapid)"]
[Site "Beijing CHN"]
[Date "2013.12.12"]
[EventDate "2013.12.12"]
[Round "1.3"]
[Result "1-0"]
[White "Marie Sebag"]
[Black "Anna Muzychuk"]
[WhiteElo "2501"]
[BlackElo "2566"]
[PlyCount "121"]

1. e4 e5 2. Nf3 Nc6 3. Bb5 a6 4. Ba4 Nf6 5. O-O Nxe4 6. d4 b5
7. Bb3 d5 8. dxe5 Be6 9. c3 Be7 10. Nbd2 O-O 11. Bc2 f5
12. Nb3 Qd7 13. Nbd4 Nxd4 14. Nxd4 c5 15. Nxe6 Qxe6 16. f3 Ng5
17. a4 Rad8 18. Bxg5 Bxg5 19. f4 Be7 20. axb5 axb5 21. Kh1 d4
22. cxd4 c4 23. b3 Bc5 24. bxc4 Rxd4 25. Qb1 bxc4 26. Ra5 Qb6
27. Rb5 Qc6 28. Bd1 g6 29. Bf3 Qc8 30. Rb7 Rfd8 31. Qb5 Bf8
32. g3 Qc5 33. Qa6 Re8 34. Rb5 Qa3 35. Bd5+ Rxd5 36. Qxa3 Bxa3
37. Rxd5 c3 38. Ra5 Bb2 39. Rc5 Rd8 40. Rf2 Kf7 41. Rc2 Rd3
42. Kg2 Ke6 43. Kf2 Rd7 44. Ke3 Rd1 45. Rc6+ Ke7 46. Rc7+ Ke6
47. Rxh7 Re1+ 48. Kd3 Rd1+ 49. Kc4 Rd2 50. Rxc3 Bxc3 51. Kxc3
Rg2 52. Kd4 Rd2+ 53. Ke3 Ra2 54. Rg7 Kd5 55. Rxg6 Ra3+ 56. Kd2
Ra2+ 57. Kc3 Rxh2 58. Rd6+ Ke4 59. e6 Re2 60. Rd3 Ra2 61. e7
1-0

[Event "SportAccord World Mind Games (Women, Rapid)"]
[Site "Beijing CHN"]
[Date "2013.12.12"]
[EventDate "2013.12.12"]
[Round "2.1"]
[Result "1-0"]
[White "Elisabeth Paehtz"]
[Black "Marie Sebag"]
[WhiteElo "2452"]
[BlackElo "2501"]
[PlyCount "61"]

1. d4 d5 2. c4 c6 3. cxd5 cxd5 4. Nc3 Nf6 5. Bf4 Nc6 6. Nf3
Nh5 7. Be5 f6 8. Bg3 e6 9. e3 Be7 10. Bh4 f5 11. Bxe7 Qxe7
12. Bb5 Bd7 13. O-O O-O 14. Bxc6 Bxc6 15. Ne5 Nf6 16. Rc1 Rac8
17. Qb3 Ng4 18. Ne2 Qd6 19. Nf3 Rc7 20. Nf4 Rfc8 21. Rc2 a6
22. Qb6 Nf6 23. Ne5 Nd7 24. Nxd7 Rxd7 25. Nd3 Qc7 26. Qb3 Qa5
27. Rfc1 Rdc7 28. Rc5 Bb5 29. R1c3 Rc6 30. h3 Bxd3 31. Rxa5
1-0

[Event "SportAccord World Mind Games (Women, Rapid)"]
[Site "Beijing CHN"]
[Date "2013.12.12"]
[EventDate "2013.12.12"]
[Round "3.3"]
[Result "1/2-1/2"]
[White "Marie Sebag"]
[Black "Nana Dzagnidze"]
[WhiteElo "2501"]
[BlackElo "2557"]
[PlyCount "94"]

1. e4 c5 2. Nf3 e6 3. c3 d5 4. exd5 exd5 5. d4 Nc6 6. Bb5 Bd6
7. O-O Ne7 8. dxc5 Bxc5 9. Nbd2 O-O 10. Nb3 Bd6 11. Re1 Bg4
12. h3 Bh5 13. Be2 Bc7 14. Nfd4 Bg6 15. Bf3 Re8 16. Bg5 Qd7
17. Bg4 Nf5 18. g3 Rxe1+ 19. Qxe1 Ncxd4 20. Nxd4 h5 21. Nxf5
Bxf5 22. Bxh5 Bxh3 23. Qe7 Qxe7 24. Bxe7 Bb6 25. Bf3 Re8
26. Ba3 Bf5 27. Rd1 Be4 28. Kg2 Re6 29. Bxe4 dxe4 30. Bd6 Rf6
31. Bf4 g5 32. Be3 Bxe3 33. fxe3 Ra6 34. Rd7 Rb6 35. b3 Kf8
36. Rd4 Re6 37. Rd7 Ra6 38. Rxb7 Rxa2+ 39. Kf1 Rc2 40. c4 a6
41. Rb6 Rc3 42. Ke2 Ke7 43. g4 f6 44. Kd2 Rd3+ 45. Ke2 Rc3
46. Kd2 Rd3+ 47. Ke2 Rc3 1/2-1/2

[Event "SportAccord World Mind Games (Women, Rapid)"]
[Site "Beijing CHN"]
[Date "2013.12.12"]
[EventDate "2013.12.12"]
[Round "4.4"]
[Result "1/2-1/2"]
[White "Viktorija Cmilyte"]
[Black "Marie Sebag"]
[WhiteElo "2514"]
[BlackElo "2501"]
[PlyCount "72"]

1. d4 d5 2. c4 c6 3. Nf3 Nf6 4. Nc3 e6 5. Bg5 h6 6. Bxf6 Qxf6
7. e3 g6 8. Bd3 Bg7 9. O-O O-O 10. Ne5 dxc4 11. Bxc4 c5 12. f4
cxd4 13. Qxd4 Nc6 14. Nxc6 bxc6 15. Qxf6 Bxf6 16. Rac1 c5
17. Na4 g5 18. Nxc5 Bxb2 19. Rb1 Ba3 20. Nd3 Bd6 21. Ne5 Rb8
22. Rxb8 Bxb8 23. Nc6 Bd7 24. Nxb8 Rxb8 25. Bb3 a5 26. Rd1 a4
27. Rxd7 axb3 28. axb3 Rxb3 29. Kf2 Kg7 30. Kf3 Kg6 31. g4 Rb2
32. h3 Rh2 33. Kg3 Re2 34. Kf3 Rh2 35. Kg3 Re2 36. Kf3 Rh2
1/2-1/2

[Event "SportAccord World Mind Games (Women, Blitz)"]
[Site "Beijing CHN"]
[Date "2013.12.14"]
[EventDate "2013.12.14"]
[Round "1.8"]
[Result "0-1"]
[White "Marie Sebag"]
[Black "Nana Dzagnidze"]
[WhiteElo "2501"]
[BlackElo "2557"]
[PlyCount "106"]

1. e4 c5 2. c3 d5 3. exd5 Qxd5 4. d4 Nf6 5. Nf3 Bg4 6. Be2 e6
7. O-O Nc6 8. h3 Bh5 9. Be3 cxd4 10. Nxd4 Bxe2 11. Qxe2 Be7
12. Rd1 O-O 13. c4 Qe5 14. Nxc6 bxc6 15. Nc3 Bb4 16. Bd4 Qxe2
17. Nxe2 Rfd8 18. a3 Be7 19. Nc3 Nd7 20. Ne4 f5 21. Ng3 Kf7
22. Bc3 Nc5 23. Ba5 Rdb8 24. Rab1 Rb3 25. Bb4 Nd3 26. Bxe7
Kxe7 27. Rd2 a5 28. Rbd1 Ne5 29. Ne2 Rab8 30. f4 Nxc4 31. Rd7+
Kf6 32. Nd4 R3b7 33. Nxc6 Rxd7 34. Rxd7 Rxb2 35. Rd4 Ne3
36. Nxa5 Rxg2+ 37. Kh1 Ra2 38. Rd3 Nd5 39. Nc6 Nxf4 40. Rb3 g5
41. Nb4 Ra1+ 42. Kh2 h5 43. Rc3 g4 44. hxg4 fxg4 45. Rc4 Kf5
46. Nc6 e5 47. Rc5 Ra2+ 48. Kg1 Nd3 49. Rd5 Rxa3 50. Rd8 h4
51. Rf8+ Ke4 52. Rg8 g3 53. Kg2 Nf4+ 0-1

[Event "SportAccord World Mind Games (Women, Blitz)"]
[Site "Beijing CHN"]
[Date "2013.12.14"]
[EventDate "2013.12.14"]
[Round "2.2"]
[Result "1-0"]
[White "Koneru Humpy"]
[Black "Marie Sebag"]
[WhiteElo "2607"]
[BlackElo "2501"]
[PlyCount "65"]

1. d4 d5 2. Nf3 Nf6 3. e3 Bf5 4. c4 c6 5. Nc3 e6 6. Nh4 Be4
7. f3 Bg6 8. Qb3 Qc7 9. Bd2 Be7 10. cxd5 cxd5 11. Nxg6 hxg6
12. O-O-O Nc6 13. Kb1 O-O 14. g4 Rfc8 15. h4 Na5 16. Qc2 Nc4
17. Bxc4 Qxc4 18. h5 g5 19. e4 dxe4 20. fxe4 Nxg4 21. Rdg1 Nf2
22. Bxg5 Bxg5 23. Qxf2 Bh6 24. Rg3 Rd8 25. d5 exd5 26. exd5 b5
27. Rhg1 Rd6 28. Rg4 Qd3+ 29. Ka1 Re8 30. a3 b4 31. Rxb4 Be3
32. Qg3 g6 33. Rd1 1-0

[Event "SportAccord World Mind Games (Women, Blitz)"]
[Site "Beijing CHN"]
[Date "2013.12.14"]
[EventDate "2013.12.14"]
[Round "3.7"]
[Result "1-0"]
[White "Marie Sebag"]
[Black "Yifan Hou"]
[WhiteElo "2501"]
[BlackElo "2629"]
[PlyCount "55"]

1. e4 c5 2. Nf3 d6 3. d4 cxd4 4. Qxd4 a6 5. h3 Nc6 6. Qe3 g6
7. c4 Bg7 8. Nc3 Nf6 9. Be2 O-O 10. O-O Nd7 11. Rb1 Nc5 12. b3
f5 13. exf5 Bxf5 14. Ra1 e5 15. Bb2 e4 16. Nh2 Nd4 17. Rad1
Nxe2+ 18. Qxe2 Nd3 19. Ba1 Nf4 20. Qe3 Qg5 21. Qg3 Qh6 22. Ng4
Bxg4 23. Qxg4 Rae8 24. Rxd6 Re5 25. Rd7 Rg5 26. Rxg7+ Kh8
27. Nxe4 Nxh3+ 28. Qxh3 1-0

[Event "SportAccord World Mind Games (Women, Blitz)"]
[Site "Beijing CHN"]
[Date "2013.12.14"]
[EventDate "2013.12.14"]
[Round "4.3"]
[Result "1-0"]
[White "Viktorija Cmilyte"]
[Black "Marie Sebag"]
[WhiteElo "2514"]
[BlackElo "2501"]
[PlyCount "115"]

1. Nf3 d5 2. d4 Nf6 3. c4 c6 4. e3 Bf5 5. Nc3 e6 6. Nh4 Be4
7. f3 Bg6 8. Qb3 Qc7 9. Bd2 Be7 10. Nxg6 hxg6 11. cxd5 cxd5
12. O-O-O Nc6 13. Kb1 O-O 14. Rc1 Rfc8 15. Qd1 e5 16. g4 exd4
17. exd4 Bb4 18. h4 Qb6 19. g5 Bxc3 20. Bxc3 Nh5 21. Qd2 Qc7
22. Bh3 Re8 23. Bg4 Qf4 24. Qf2 Re7 25. Rhd1 Rae8 26. Bd2 Qc7
27. Re1 Qb6 28. Rxe7 Rxe7 29. Rc5 Qd8 30. a3 a6 31. Ka2 Qd6
32. Be3 Ng3 33. Rc3 Nf5 34. Bxf5 gxf5 35. h5 f4 36. Bd2 Qe6
37. Bxf4 Qf5 38. Be3 Qh3 39. h6 g6 40. Rd3 Re6 41. Bd2 Qf5
42. Qf1 Kh7 43. Re3 Nxd4 44. Rxe6 Nxe6 45. f4 d4 46. Qf2 Qd5+
47. Kb1 d3 48. Qe3 Qc4 49. Bc3 Qd5 50. Kc1 Qf5 51. Be5 f6
52. Bxf6 Qxf4 53. Qxf4 Nxf4 54. Kd2 Kg8 55. Ke3 Nd5+ 56. Kxd3
Nxf6 57. gxf6 Kf7 58. h7 1-0

[Event "SportAccord World Mind Games (Women, Blitz)"]
[Site "Beijing CHN"]
[Date "2013.12.14"]
[EventDate "2013.12.14"]
[Round "5.6"]
[Result "1-0"]
[White "Marie Sebag"]
[Black "Anna Muzychuk"]
[WhiteElo "2501"]
[BlackElo "2566"]
[PlyCount "63"]

1. e4 c5 2. Nf3 e6 3. c3 d5 4. exd5 Qxd5 5. d4 Nf6 6. a3 Be7
7. Be3 Ng4 8. Bd3 Nc6 9. O-O cxd4 10. cxd4 O-O 11. Nc3 Qh5
12. h3 Nxe3 13. fxe3 b6 14. Qe1 Bb7 15. Qg3 Rac8 16. Rae1 Na5
17. Ne2 f6 18. Nf4 Qf7 19. e4 Nc4 20. Re2 b5 21. d5 exd5
22. exd5 Bd6 23. Bf5 Bxd5 24. Bxc8 Rxc8 25. Qg4 Bb7 26. Ne6 h5
27. Qd4 Bxf3 28. Rxf3 Ne5 29. Qxd6 Nxf3+ 30. gxf3 Rc1+ 31. Kh2
Qg6 32. Qd8+ 1-0

[Event "SportAccord World Mind Games (Women, Blitz)"]
[Site "Beijing CHN"]
[Date "2013.12.14"]
[EventDate "2013.12.14"]
[Round "6.4"]
[Result "1/2-1/2"]
[White "Alexandra Kosteniuk"]
[Black "Marie Sebag"]
[WhiteElo "2527"]
[BlackElo "2501"]
[PlyCount "104"]

1. e4 c5 2. Nf3 d6 3. d4 cxd4 4. Nxd4 Nf6 5. Nc3 a6 6. Bg5 e6
7. f4 h6 8. Bh4 Qb6 9. a3 Be7 10. Bf2 Qc7 11. Qf3 Nbd7 12. Be2
b5 13. O-O-O Bb7 14. g4 Nc5 15. Bd3 g5 16. h4 gxf4 17. g5 Nfd7
18. g6 fxg6 19. Qh3 e5 20. Ne6 Nxe6 21. Qxe6 Nf8 22. Qg4 Qd7
23. Qg2 O-O-O 24. Nd5 Kb8 25. Rh3 Rc8 26. Nb6 Qc7 27. Nxc8
Bxc8 28. Rhh1 Be6 29. Kb1 Rg8 30. Be2 Nd7 31. Bg4 Bf7 32. Rh3
Nf6 33. Rc3 Qb7 34. Bf3 g5 35. hxg5 hxg5 36. Qh1 g4 37. Bg2 f3
38. Bf1 Nxe4 39. Qh7 Nxc3+ 40. bxc3 Bf8 41. Bd3 g3 42. Be4 Qc7
43. Be3 f2 44. Kb2 d5 45. Bg2 d4 46. cxd4 Qc4 47. Qe4 Qa2+
48. Kc1 Qxa3+ 49. Kd2 Qb4+ 50. Kc1 Qa3+ 51. Kd2 Qb4+ 52. Kc1
Qa3+ 1/2-1/2

[Event "SportAccord World Mind Games (Women, Blitz)"]
[Site "Beijing CHN"]
[Date "2013.12.14"]
[EventDate "2013.12.14"]
[Round "7.5"]
[Result "1-0"]
[White "Marie Sebag"]
[Black "Anna Ushenina"]
[WhiteElo "2501"]
[BlackElo "2501"]
[PlyCount "63"]

1. e4 c5 2. Nf3 d6 3. d4 cxd4 4. Qxd4 Nf6 5. Bg5 Nc6 6. Bb5
Bd7 7. Bxc6 Bxc6 8. Nc3 e6 9. Qd3 Qa5 10. Bxf6 gxf6 11. O-O-O
a6 12. Nd4 Bd7 13. Kb1 Rc8 14. f4 Qc5 15. f5 b5 16. Nce2 Qe5
17. g3 h5 18. Nf4 Rh6 19. Rhe1 a5 20. fxe6 fxe6 21. Nf5 Rc6
22. Nxh6 Bxh6 23. Qf3 h4 24. Ng6 Qg5 25. Nxh4 b4 26. Qd3 a4
27. Nf3 Qc5 28. e5 b3 29. cxb3 axb3 30. axb3 Kf8 31. Qg6 Be3
32. exf6 1-0

[Event "SportAccord World Mind Games (Women, Blitz)"]
[Site "Beijing CHN"]
[Date "2013.12.14"]
[EventDate "2013.12.14"]
[Round "9.4"]
[Result "1-0"]
[White "Marie Sebag"]
[Black "Pia Cramling"]
[WhiteElo "2501"]
[BlackElo "2525"]
[PlyCount "112"]

1. e4 c5 2. Nf3 e6 3. c3 Nf6 4. e5 Nd5 5. d4 cxd4 6. cxd4 b6
7. Bd3 d6 8. O-O Nd7 9. Nc3 Nxc3 10. bxc3 dxe5 11. dxe5 Nc5
12. Bb5+ Bd7 13. Qe2 Bxb5 14. Qxb5+ Qd7 15. Qc4 Be7 16. Qg4 g6
17. Bh6 O-O-O 18. Qf4 Bf8 19. Bg5 Be7 20. Qxf7 Bxg5 21. Nxg5
h6 22. Qxd7+ Rxd7 23. Nf3 Rd3 24. Rac1 Rhd8 25. Rfe1 g5 26. h3
Na4 27. Nd4 Nc5 28. Red1 Rxd1+ 29. Rxd1 Rd5 30. Re1 Kd7
31. Re3 Na4 32. Nb3 Rd1+ 33. Kh2 Rb1 34. Rd3+ Ke7 35. Nd4 Rb2
36. Nc6+ Kf7 37. Rd7+ Kf8 38. Rxa7 Nxc3 39. Nd4 Rxf2 40. Nxe6+
Kg8 41. a3 Re2 42. Ra8+ Kf7 43. Nd8+ Ke7 44. e6 Re4 45. Rc8
Nd5 46. Nc6+ Kd6 47. e7 Nxe7 48. Nxe7 Rxe7 49. Rh8 Re6 50. Kg3
Kc5 51. Kg4 Kb5 52. Kh5 Ka4 53. Rxh6 Rxh6+ 54. Kxh6 Kxa3
55. Kxg5 b5 56. h4 b4 1-0

[Event "SportAccord World Mind Games (Women, Blitz)"]
[Site "Beijing CHN"]
[Date "2013.12.14"]
[EventDate "2013.12.14"]
[Round "10.6"]
[Result "0-1"]
[White "Ju Wenjun"]
[Black "Marie Sebag"]
[WhiteElo "2514"]
[BlackElo "2501"]
[PlyCount "96"]

1. d4 d5 2. c4 c6 3. cxd5 cxd5 4. Nc3 Nf6 5. Bf4 Nc6 6. e3 Bf5
7. Qb3 Na5 8. Qa4+ Bd7 9. Qc2 e6 10. Nf3 Be7 11. Bd3 Nc6
12. a3 Nh5 13. Be5 Nxe5 14. Nxe5 Nf6 15. Nxd7 Nxd7 16. Bxh7
Qc7 17. Rc1 Rc8 18. h3 f5 19. Bg6+ Kf8 20. O-O Nf6 21. Bxf5
exf5 22. Qxf5 Rh5 23. Qf3 Qd7 24. g4 Rh8 25. Ne2 Kg8 26. Rxc8+
Qxc8 27. Rc1 Qd7 28. Kg2 Ne4 29. Nf4 Rh6 30. Qe2 Rc6 31. Rxc6
bxc6 32. Qc2 Bd6 33. Nd3 Nf6 34. Qe2 Qb7 35. Qf3 Qd7 36. g5
Ne4 37. h4 Qe6 38. Qh5 Nd2 39. Ne5 Bxe5 40. dxe5 Qxe5 41. b4
Qe4+ 42. f3 Qxe3 43. Qg4 Qe2+ 44. Kg3 Nf1+ 45. Kf4 Qe3+
46. Kf5 Kf7 47. Qh5+ Kg8 48. g6 Ng3+ 0-1

[Event "SportAccord World Mind Games (Women, Blitz)"]
[Site "Beijing CHN"]
[Date "2013.12.15"]
[EventDate "2013.12.14"]
[Round "11.3"]
[Result "1-0"]
[White "Marie Sebag"]
[Black "Elisabeth Paehtz"]
[WhiteElo "2501"]
[BlackElo "2452"]
[PlyCount "113"]

1. e4 g6 2. d4 Bg7 3. Nc3 d6 4. Be3 a6 5. f4 b5 6. Nf3 Bb7
7. Bd3 Nd7 8. e5 e6 9. a4 b4 10. Ne4 Bxe4 11. Bxe4 d5 12. Bd3
a5 13. O-O Ne7 14. Bf2 O-O 15. Qe2 Qb8 16. g4 c5 17. dxc5 Rc8
18. f5 Nxe5 19. fxe6 fxe6 20. Bg3 N7c6 21. Kh1 Rf8 22. Bb5
Rxf3 23. Rxf3 Nd4 24. Bxe5 Bxe5 25. Qf2 Nxf3 26. Qxf3 Qc7
27. c6 Rf8 28. Qe2 Rf4 29. Re1 Re4 30. Qd1 Rxe1+ 31. Qxe1 Kg7
32. b3 Qd6 33. Qe2 Bd4 34. Kg2 e5 35. Qd2 Bc5 36. Qg5 e4
37. Qd2 Bb6 38. c3 Bc7 39. Qd4+ Kg8 40. cxb4 Qxh2+ 41. Kf1
Qh1+ 42. Ke2 Qf3+ 43. Kd2 Bf4+ 44. Kc2 Qg2+ 45. Kb1 Qh1+
46. Ka2 Qg2+ 47. Kb1 Qh1+ 48. Ka2 Qh2+ 49. Qb2 Qxb2+ 50. Kxb2
Bc7 51. bxa5 Bxa5 52. b4 Bc7 53. a5 e3 54. a6 e2 55. Bxe2 Bb6
56. a7 Bxa7 57. c7 1-0